000 00659nam a2200241Ia 4500
003 OSt
005 20221007064312.0
006 a|||||r|||| 00| 0
007 ta
008 221006b |||||||| |||| 00| 0 eng d
020 _cRs.25/-
024 _a15,737
037 _cTextual
040 _aFLL
_cFLL
_beng
041 _2eng
_aeng
082 _aX72:57.2.N6, L2
100 _aSingh D. Au.
_9685615
245 0 _aTax incentives for indian industry and foreign investment
260 _aDelhi
_bAtma ram and sons India
_c1972
300 _a151p
_ccm.
942 _hX72:57.2.N6, L2
_cTEXL
_2CC
999 _c1133658
_d1133658